Con người bay vào vũ trụ

Wedi'i Gadw mewn:
Manylion Llyfryddiaeth
Prif Awdur: Đinh Ngọc Lân
Fformat: Llyfr
Iaith:Undetermined
Cyhoeddwyd: Hà Nội Thanh Niên 1980
Pynciau:
Tagiau: Ychwanegu Tag
Dim Tagiau, Byddwch y cyntaf i dagio'r cofnod hwn!
Thư viện lưu trữ: Trung tâm Học liệu Trường Đại học Cần Thơ
LEADER 00494nam a2200169Ia 4500
001 CTU_46294
008 210402s9999 xx 000 0 und d
082 |a 629.41 
082 |b L212 
100 |a Đinh Ngọc Lân 
245 0 |a Con người bay vào vũ trụ 
245 0 |c Đinh Ngọc Lân 
260 |a Hà Nội 
260 |b Thanh Niên 
260 |c 1980 
650 |a aerospace engineering,astronautics,space flight 
980 |a Trung tâm Học liệu Trường Đại học Cần Thơ